[Event "NCA-ch Fase 2"]
[Site "Managua"]
[Date "2022.01.30"]
[Round "6"]
[White "Garcia, Ursus"]
[Black "Pineda, Juan Jose"]
[Result "1/2-1/2"]
[WhiteElo "1974"]
[BlackElo "1956"]
[PlyCount "23"]
[EventDate "2022.01.22"]
[EventType "swiss"]
[EventRounds "9"]
[EventCountry "NCA"]
[SourceTitle "CBM 207 Extra"]
[Source "ChessBase"]
[SourceDate "2022.05.31"]
[SourceVersion "1"]
[SourceVersionDate "2022.05.31"]
[SourceQuality "1"]

1. d4 Nf6 2. c4 g6 3. Nc3 Bg7 4. e4 d6 5. Nf3 0-0 6. Be2 e5 7. dxe5 dxe5 8. Qxd8 Rxd8 9. Bg5 Re8 10. Bxf6 Bxf6 11. Nd5 Bd8 12. 0-0 1/2-1/2

[Event "NCA-ch Fase 2"]
[Site "Managua"]
[Date "2022.01.23"]
[Round "2"]
[White "Aburto, Santiago"]
[Black "Garcia, Ursus"]
[Result "0-1"]
[WhiteElo "1826"]
[BlackElo "1974"]
[PlyCount "177"]
[EventDate "2022.01.22"]
[EventType "swiss"]
[EventRounds "9"]
[EventCountry "NCA"]
[SourceTitle "CBM 207 Extra"]
[Source "ChessBase"]
[SourceDate "2022.05.31"]
[SourceVersion "1"]
[SourceVersionDate "2022.05.31"]
[SourceQuality "1"]

1. d4 d5 2. c4 c6 3. Nc3 Nf6 4. e3 a6 5. cxd5 cxd5 6. Bd3 Nc6 7. Nf3 Bg4 8. 0-0 e6 9. h3 Bh5 10. Bd2 Bd6 11. Rc1 Rc8 12. Na4 Ne4 13. Be1 0-0 14. Nc5 Bxc5 15. dxc5 Bxf3 16. Qxf3 Ne5 17. Qe2 Nxd3 18. Qxd3 Nxc5 19. Qa3 Ne4 20. Bb4 Re8 21. f3 Nf6 22. Rc3 Qd7 23. Rfc1 h6 24. Bd6 Rxc3 25. Rxc3 Rc8 26. Be5 Rxc3 27. Qxc3 Ne8 28. Qc5 f6 29. Bc3 Qc7 30. Qb4 Nd6 31. Qg4 Qf7 32. Kf2 Nc4 33. Qf4 e5 34. Qf5 Nd6 35. Qd3 Nb5 36. Bb4 d4 37. a4 dxe3+ 38. Kxe3 Nd4 39. Bc3 Ne6 40. g3 Qc7 41. Qd5 Qc5+ 42. Ke4 Qc6 43. Qxc6 bxc6 44. f4 Nc5+ 45. Kf5 exf4 46. Kxf4 Nxa4 47. Bd4 c5 48. Be3 Nxb2 49. Ke4 Na4 50. Kd5 Kf7 51. Bd2 Ke7 52. g4 f5 53. gxf5 Kf6 54. Ke4 c4 55. Ba5 Nc5+ 56. Kf4 Nd3+ 57. Kg4 Nf2+ 58. Kg3 Nd3 59. Bc3+ Kxf5 60. Bxg7 h5 61. Bc3 Nc5 62. Kf3 Ne4 63. Ba5 Ke5 64. Ke3 Ng5 65. h4 Ne6 66. Bb4 Kd5 67. Kd2 Nc5 68. Kc2 Ne4 69. Ba5 Nd6 70. Bb4 Nf5 71. Be1 Kd4 72. Bf2+ Kd5 73. Kc3 Nd6 74. Bb6 Nb5+ 75. Kc2 Nd4+ 76. Kc3 Nb5+ 77. Kc2 Ke4 78. Kd2 Kf3 79. Kc2 Kg4 80. Bd8 a5 81. Kb2 a4 82. Bf6 Kf5 83. Bg5 Ke4 84. Kc2 c3 85. Be7 Kd4 86. Bf8 Kc4 87. Be7 Nd4+ 88. Kc1 Kd3 89. Bg5 0-1

[Event "NCA-chT final"]
[Site "Managua"]
[Date "2019.11.10"]
[Round "8.4"]
[White "Garcia, Ursus"]
[Black "Berrios, Natanael"]
[Result "1/2-1/2"]
[WhiteElo "1995"]
[BlackElo "1817"]
[PlyCount "54"]
[EventDate "2019.10.26"]
[EventType "team-tourn"]
[EventRounds "11"]
[EventCountry "NCA"]
[SourceTitle "EXT 2021"]
[Source "ChessBase"]
[SourceDate "2020.10.23"]
[SourceVersion "1"]
[SourceVersionDate "2020.10.23"]
[SourceQuality "1"]
[WhiteTeam "Jane Allens Knights"]
[BlackTeam "Nicaragua CC"]
[WhiteTeamCountry "NCA"]
[BlackTeamCountry "NCA"]

1. d4 Nf6 2. Nc3 d5 3. Bf4 c6 4. e3 Bf5 5. f3 Bg6 6. g4 e6 7. h4 h5 8. g5 Nfd7 9. Bd3 Bxd3 10. Qxd3 g6 11. Nge2 Nb6 12. Be5 Rg8 13. e4 Nc4 14. b3 Nxe5 15. dxe5 Nd7 16. f4 Bb4 17. 0-0-0 Qa5 18. Kb1 0-0-0 19. exd5 cxd5 20. Rh3 Nc5 21. Qb5 a6 22. Qxa5 Bxa5 23. a3 Bb6 24. Nd4 Rge8 25. Kb2 Kb8 26. b4 Nd7 27. b5 Kc8 1/2-1/2

[Event "NCA-chT final"]
[Site "Managua"]
[Date "2017.10.29"]
[Round "5.3"]
[White "Garcia, Ursus"]
[Black "Munoz, Marcos"]
[Result "1/2-1/2"]
[WhiteElo "1985"]
[BlackElo "2015"]
[PlyCount "36"]
[EventDate "2017.10.21"]
[EventType "team-tourn"]
[EventRounds "9"]
[EventCountry "NCA"]
[SourceTitle "CBM 181 Extra"]
[Source "ChessBase"]
[SourceDate "2017.12.12"]
[SourceVersion "1"]
[SourceVersionDate "2017.12.12"]
[SourceQuality "1"]

1. d4 Nf6 2. Nc3 d6 3. e4 g6 4. f4 Bg7 5. Nf3 0-0 6. Bd3 Nc6 7. 0-0 e5 8. fxe5 dxe5 9. d5 Ne7 10. Qe1 c6 11. dxc6 bxc6 12. Kh1 Qc7 13. Bc4 h6 14. Qh4 Nh5 15. Qe1 Nf6 16. Qh4 Nh5 17. Qe1 Nf6 18. Qh4 Nh5 1/2-1/2

[Event "NCA-chT final"]
[Site "Managua"]
[Date "2017.10.29"]
[Round "6.4"]
[White "Sanchez, Ramon"]
[Black "Garcia, Ursus"]
[Result "1/2-1/2"]
[WhiteElo "2008"]
[BlackElo "1985"]
[PlyCount "46"]
[EventDate "2017.10.21"]
[EventType "team-tourn"]
[EventRounds "9"]
[EventCountry "NCA"]
[SourceTitle "CBM 181 Extra"]
[Source "ChessBase"]
[SourceDate "2017.12.12"]
[SourceVersion "1"]
[SourceVersionDate "2017.12.12"]
[SourceQuality "1"]

1. c4 Nf6 2. Nf3 e6 3. g3 d5 4. Bg2 Be7 5. 0-0 0-0 6. b3 c5 7. e3 d4 8. d3 Nc6 9. e4 e5 10. Na3 Ne8 11. Nd2 Nb4 12. Qe2 Bd6 13. f4 exf4 14. gxf4 f6 15. h3 a6 16. Nf3 Nc7 17. Nc2 Nc6 18. Na3 Nb4 19. Nc2 Nc6 20. Na3 Nb4 21. Nc2 Nc6 22. Na3 Nb4 23. Nc2 Nc6 1/2-1/2

[Event "NCA-chT final"]
[Site "Managua"]
[Date "2017.10.28"]
[Round "4.3"]
[White "Torres, Juan Carlos1111"]
[Black "Garcia, Ursus"]
[Result "0-1"]
[WhiteElo "1979"]
[BlackElo "1985"]
[PlyCount "44"]
[EventDate "2017.10.21"]
[EventType "team-tourn"]
[EventRounds "9"]
[EventCountry "NCA"]
[SourceTitle "CBM 181 Extra"]
[Source "ChessBase"]
[SourceDate "2017.12.12"]
[SourceVersion "1"]
[SourceVersionDate "2017.12.12"]
[SourceQuality "1"]

1. d4 d5 2. c4 c6 3. Nc3 Nf6 4. Nf3 e6 5. Bg5 h6 6. Bh4 dxc4 7. e4 g5 8. Bg3 b5 9. Be5 Nbd7 10. Qc2 g4 11. Bxf6 Qxf6 12. Nd2 Qxd4 13. 0-0-0 Qf6 14. f3 h5 15. h3 gxh3 16. Rxh3 Bb7 17. Kb1 0-0-0 18. Ne2 Nc5 19. Ng3 h4 20. Nh1 Bg7 21. Nf2 Na4 22. Nxc4 bxc4 0-1

[Event "NCA-ch final"]
[Site "Managua"]
[Date "2016.04.16"]
[Round "7"]
[White "Bravo, William"]
[Black "Garcia, Ursus"]
[Result "1-0"]
[WhiteElo "2200"]
[BlackElo "2010"]
[PlyCount "75"]
[EventDate "2016.04.02"]
[EventType "tourn"]
[EventRounds "11"]
[EventCountry "NCA"]
[SourceTitle "EXT 2018"]
[Source "ChessBase"]
[SourceDate "2017.10.13"]
[SourceVersion "1"]
[SourceVersionDate "2017.10.13"]
[SourceQuality "1"]

1. d4 d5 2. c4 c6 3. Nf3 Nf6 4. Nc3 a6 5. c5 Nbd7 6. Bf4 Nh5 7. e3 Nxf4 8. exf4 Qc7 9. g3 g6 10. Bd3 f6 11. Qc2 Bg7 12. 0-0 0-0 13. h4 e5 14. h5 e4 15. Bxe4 dxe4 16. Qb3+ Kh8 17. Nxe4 Nb8 18. hxg6 Bf5 19. Nd6 Bxg6 20. Rfe1 b5 21. Nh4 Bf7 22. Qf3 Qd7 23. Re3 Bd5 24. Qh5 Bf7 25. Qe2 Ra7 26. Nhf5 Bc4 27. Qg4 Be6 28. Qxg7+ Qxg7 29. Nxg7 Bxa2 30. Ngf5 Bd5 31. Rae1 h5 32. Re8 Nd7 33. R1e7 Rxe8 34. Rxe8+ Kh7 35. Re7+ Kg8 36. Nc8 Ra8 37. Rxd7 Rxc8 38. Ne7+ 1-0

[Event "NCA-ch final"]
[Site "Managua"]
[Date "2016.04.10"]
[Round "6"]
[White "Garcia, Ursus"]
[Black "Rocha, Maximiliano"]
[Result "1/2-1/2"]
[WhiteElo "2010"]
[BlackElo "2149"]
[PlyCount "102"]
[EventDate "2016.04.02"]
[EventType "tourn"]
[EventRounds "11"]
[EventCountry "NCA"]
[SourceTitle "EXT 2018"]
[Source "ChessBase"]
[SourceDate "2017.10.13"]
[SourceVersion "1"]
[SourceVersionDate "2017.10.13"]
[SourceQuality "1"]

1. e4 e5 2. Nf3 Nc6 3. Bb5 a6 4. Ba4 Nf6 5. 0-0 Nxe4 6. d4 b5 7. Bb3 d5 8. Nxe5 Nxe5 9. dxe5 Be6 10. c3 Be7 11. Nd2 Nc5 12. Bc2 d4 13. cxd4 Qxd4 14. Nf3 Qxd1 15. Rxd1 Bg4 16. Be3 0-0 17. Rd5 Ne6 18. Be4 Rad8 19. Rad1 Rxd5 20. Rxd5 Rd8 21. h3 Bh5 22. g4 Bg6 23. Rxd8+ Nxd8 24. Bxg6 hxg6 25. Kf1 Nc6 26. Ke2 Kf8 27. Bf4 Ke8 28. e6 fxe6 29. Bxc7 Bf6 30. b3 Kd7 31. Bf4 e5 32. Bd2 e4 33. Ng5 Nd4+ 34. Kd1 Bxg5 35. Bxg5 Nf3 36. Bc1 g5 37. Ke2 Ke6 38. Ke3 Kd5 39. Bb2 Ne5 40. Bc3 g6 41. a3 Nf3 42. Bf6 Ng1 43. Bxg5 Nxh3 44. Bf6 Ng1 45. Kf4 Nf3 46. Bc3 Nh2 47. Kg5 Ke6 48. Ba5 Kf7 49. Kf4 Ke6 50. Kg5 Kf7 51. Kf4 Ke6 1/2-1/2

[Event "Managua Grand Prix 12th"]
[Site "Managua"]
[Date "2011.04.18"]
[Round "5.6"]
[White "Garcia, Ursus"]
[Black "Olivas, Carlos"]
[Result "1-0"]
[WhiteElo "1921"]
[BlackElo "1985"]
[PlyCount "29"]
[EventDate "2011.04.16"]
[EventType "swiss"]
[EventRounds "7"]
[EventCountry "NCA"]
[SourceTitle "EXT 2024"]
[Source "ChessBase"]
[SourceDate "2023.10.10"]
[SourceVersion "1"]
[SourceVersionDate "2023.10.10"]
[SourceQuality "1"]

1. Nf3 Nf6 2. b3 d5 3. Bb2 Nc6 4. e3 Bg4 5. Bb5 Bxf3 6. Bxc6+ bxc6 7. Qxf3 g6 8. d3 Bg7 9. Nd2 0-0 10. 0-0 Qd6 11. Qh3 h5 12. f4 Ng4 13. Bxg7 Kxg7 14. Rac1 Qa3 15. Qf3 1-0